Post-traumatic therapy and victims of violence /

Bibliographic Details
Other Authors: Ochberg, Frank M., 1940-
Format: Book
Language:English
Published: New York : Brunner/Mazel, [1988]
Series:Brunner/Mazel psychosocial stress series ; no. 11.
Subjects:

MARC

Tag First Indicator Second Indicator Subfields
LEADER 00000cam a2200000 a 4500
001 in00000033005
005 20151007055103.0
008 870914s1988 nyu b 00100 eng d
010 |a  87026877  
020 |a 0876304900 
035 |a (OCoLC)16756454 
035 |9 AAB7212AM 
040 |a DNLM/DLC  |c DLC  |d TXA  |d UtOrBLW 
049 |a TXAM  |c 1 [A11646638], 2 [A13317227] 
050 0 0 |a RC552.P67  |b P68 1988 
060 0 |a W1 BR917TB no.11  |a WM 401 P857 
082 0 |a 616.85/21  |2 19 
245 0 0 |a Post-traumatic therapy and victims of violence /  |c edited by Frank M. Ochberg. 
264 1 |a New York :  |b Brunner/Mazel,  |c [1988] 
264 4 |c ©1988 
300 |a xiv, 370 pages ;  |c 24 cm. 
336 |a text  |b txt  |2 rdacontent 
337 |a unmediated  |b n  |2 rdamedia 
338 |a volume  |b nc  |2 rdacarrier 
490 1 |a Brunner/Mazel psychosocial stress series ;  |v no. 11 
504 |a Includes bibliographies and indexes. 
650 0 |a Post-traumatic stress disorder  |x Treatment. 
650 0 |a Psychotherapy. 
650 0 |a Violence  |x Psychological aspects. 
700 1 |a Ochberg, Frank M.,  |d 1940- 
830 0 |a Brunner/Mazel psychosocial stress series ;  |v no. 11. 
999 |a MARS 
999 f f |s 488a4529-14c9-3b48-9f2f-1a777498408f  |i e90c3ea0-b476-37ec-8cd1-c66820ca445a  |t 0 
952 f f |p ric  |a Texas A&M University  |b Rellis Campus  |c Joint Library Facility  |s JLF  |d Remote Storage  |t 0  |e RC552.P67 P68 1988  |h Library of Congress classification  |i unmediated -- volume  |m A14813317227 
998 f f |a RC552.P67 P68 1988  |t 0  |l Remote Storage